000 00583nam a22002297a 4500
003 UA-OsUOA
001 62555
007 ta
008 20090903b un ||||| |||| 00| 0 ukr d
100 _aШтен К.
090 _a94(100)
_bШ89
942 _cBK
040 _aUA-OsUOA
_bukr
_cUA-OsUOA
_dUA-OsUOA
245 _aРеволюція рабів в античному світі
300 _a68 с.
955 _a2
041 _aukr
080 _a94(100)
260 _aК.
_c1941
650 7 _a9 Географія. Біографії. Історія
_2UDC
999 _c348642
_d348642